| 000 | 01937cam a22003851i 4500 | ||
|---|---|---|---|
| 003 | SA-RiAUC | ||
| 005 | 20250217083430.0 | ||
| 008 | 250215s1968 ti g b 000 0cara c | ||
| 040 |
_aJO-IrYU _bara _cSA-RiAUC _erda |
||
| 043 |
_af------ _af-ti--- |
||
| 050 | 4 | _bA28 1968 | |
| 082 | 0 | 4 |
_a922.1 _qSA-RiAUC |
| 090 |
_a922.1 _b ا ب و ع |
||
| 100 | 1 |
_aأبو العرب، محمد بن أحمد بن تميم، _d251-333 هجري _eمؤلف. |
|
| 245 | 1 | 0 |
_aطبقات علماء إفريقية وتونس / _cتأليف أبي العرب محمد بن تميم القيرواني ؛ تقديم وتحقيق علي الشابي، نعيم حسن اليافي |
| 246 | 3 | _aطبقات علماء إفريقيا وتونس | |
| 264 | 1 |
_aتونس : _bالدار التونسية للنشر، _c1968 |
|
| 264 | 3 |
_aتونس : _bمعامل المطبعة الرسمية للجمهورية التونسية |
|
| 300 |
_a313 صفحة ؛ _c25 سم. |
||
| 336 |
_aنص _btxt _2rdacontent _3كتاب |
||
| 337 |
_aبدون وسيط _bn _2rdamedia |
||
| 338 |
_aمجلد _bnc _2rdacarrier |
||
| 490 | 1 | _aنفائس المخطوطات | |
| 504 | _aببليوجرافية : صفحة 299-306. | ||
| 504 | _aيشتمل على إرجاعات ببليوجرافية. | ||
| 650 | 7 |
_aالعلماء المسلمون _zتونس _vتراجم _2aucsh |
|
| 650 | 7 |
_aالعلماء المسلمون _zإفريقيا _vتراجم _2aucsh |
|
| 651 | 7 |
_aالقيروان (تونس) _vتراجم _2aucsh |
|
| 700 | 1 |
_aالشابي، علي، _d1934- _eمقدم. |
|
| 700 | 1 |
_aاليافي، نعيم، _d1936-2003 _eمقدم. |
|
| 700 | 1 | 2 |
_iتحقيق لـ (عمل) : _aأبو العرب، محمد بن أحمد بن تميم، _d251-333 هجري. _tطبقات علماء إفريقية وتونس |
| 830 | 0 | _aنفائس المخطوطات (الدار التونسية) | |
| 942 |
_2ddc _cBOOK _n0 |
||
| 949 |
_aSA-JeALM _d250215 _umohamedma123 _n1 |
||
| 999 |
_c6037 _d6037 |
||